000 00904nam a2200217Ia 4500
003 GCL
008 140319s9999 xx 000 0 ara d
040 _aGCL /
_cGCL
082 0 4 _a362.71
_bن م
100 1 _aنتيلة راشد
245 1 0 _aمسيرة ثقافة الطفل العربى :
_bدراسة توثيقية حول جهود خبراء ثقافة الاطفال وتوصياتهم (من فبراير 1968 - الى يونيه 1988) /
_cنتيلة راشد
250 _aالاولى
260 _aالقاهرة :
_bالمجلس العربى للطفولة والتنمية ،
_c1988
300 _a570ص ؛
_c24سم
650 0 4 _aالرعاية الاجتماعية
650 0 4 _aحقوق الطفل
650 0 4 _aالطفل العربى - رعاية
650 0 4 _aالطفولة - مؤتمرات وندوات
650 0 4 _aالطفولة - ببليوجرافيات
942 _2ddc
_cBK
999 _c7569
_d7569